(Record no. 88861)
[ view plain ]
| 000 -CABECERA | |
|---|---|
| campo de control de longitud fija | 00659nab a2200193 a 4500 |
| 005 - FECHA Y HORA DE LA ÚLTIMA TRANSACCIÓN | |
| campo de control | 20221022063440.0 |
| 008 - ELEMENTOS DE LONGITUD FIJA--INFORMACIÓN GENERAL | |
| campo de control de longitud fija | 991125s1985 mx 000 0 spa u |
| 035 ## - NÚMERO DE CONTROL DEL SISTEMA | |
| Número de control de sistema | UPN01000115810 |
| 222 ## - TÍTULO CLAVE | |
| Título clave | DEVELOPMENTAL PSYCHOLOGY (WASHINGTON, E.U.) |
| 245 ## - MENCIÓN DE TÍTULO | |
| -- | estructive Sibling Conflict and the Deveopment of Conduct Problems in young boys/Mónica M. García, Daniel S. Shaw, Emily B. Winslow and Kirsten E. Yaggi |
| 300 ## - DESCRIPCIÓN FÍSICA | |
| Extensión | 44-53 |
| 362 0# - FECHAS DE PUBLICACIÓN Y/O DESIGNACIÓN SECUENCIAL | |
| Fecha de publicación y/o designación secuencial | 2000 vol. 36, no.1 (jun.) |
| 650 #4 - ASIENTO SECUNDARIO DE MATERIA - TERMINO TEMATICO | |
| Término de materia o nombre geográfico como elemento de entrada | HERMANOS |
| 650 #0 - ASIENTO SECUNDARIO DE MATERIA - TERMINO TEMATICO | |
| Término de materia o nombre geográfico como elemento de entrada | Relación padres-hijos |
| 9 (RLIN) | 1359 |
| 650 #2 - ASIENTO SECUNDARIO DE MATERIA - TERMINO TEMATICO | |
| Término de materia o nombre geográfico como elemento de entrada | Problemas de conducta |
| 9 (RLIN) | 10674 |
| 650 #2 - ASIENTO SECUNDARIO DE MATERIA - TERMINO TEMATICO | |
| Término de materia o nombre geográfico como elemento de entrada | Niños |
| 9 (RLIN) | 18906 |
| 905 ## - TIPO DE MATERIAL | |
| Tipo de material | Articulo |
No items available.
